安徽省小测验-Anhui Province Quiz - Statistics

General Stats
  • This quiz has been taken 42 times
  • The average score is 20 of 22
Answer Stats
提示 答案 % Correct
省会城市 合肥市
100%
相邻的省级行政区 江苏省
100%
相邻的省级行政区 河南省
100%
相邻的省级行政区 湖北省
100%
相邻的省级行政区 江西省
100%
最大的湖泊 巢湖
100%
主要的方言大类 徽语
100%
这中戏曲起源于安徽,是中国五大戏曲剧种之一 黄梅戏
100%
“安徽”是这两个地名的合称 安庆
97%
“安徽”是这两个地名的合称 徽州
97%
相邻的省级行政区 浙江省
97%
资源型城市,也是安徽省唯一一个名字包含金属的地级市 铜陵市
97%
相邻的省级行政区 山东省
94%
拥有的“985”大学 中国科学技术大学
92%
安徽省的这座城市被称为“珠城” 蚌埠市
92%
主要的方言大类 官话
89%
主要的方言大类 吴语
89%
中国十大风景名胜区之一的黄山有一株代表植物,它的名字是 迎客松
89%
唐宋八大家之一的欧阳修曾作《醉翁亭记》,醉翁亭位于这座山上 琅琊山
81%
主要的方言大类 赣语
67%
安徽六安市出产的这种茶叶是中国十大历史名茶之一 六安{瓜片}
67%
最高的山峰,位于黄山风景区内 莲花峰
58%
No matching quizzes found
Score Distribution
Percent of People with Each Score
Percentile by Number Answered
Your Score History
You have not taken this quiz